00428nam a22001577a 450000500170000001000130001702000180003003500130004803700220006108200110008310000250009424500720011926000390019130000210023070000190025120180704161518.0 aB-192469 a9788177581898 aB-192469 bPearson Education a302.35 aRobbins, Stephens P. aOrganisational Behavior/cby Stephens P. Robbins [and] Seema Sanghi aNew DelhibPearson Educationc2006 a622p.c28cm(Pbk) aSanghi, Seema